[Event "Wolrd Chess Olympiad 2018"]
[Site "Batumi"]
[Date "2018.10.02"]
[Round "8"]
[Board "3"]
[WhiteFideId "20700253"]
[White "Nxumalo Vuyo"]
[BlackFideId "10400044"]
[Black "Small Byron"]
[Result "0-1"]
[LiveChessVersion "1.4.8"]
[BlackElo "1721"]
[WhiteElo "1525"]

1. e4 {[%clk 1:30:52]} e5 {[%clk 1:30:28]} 2. Nf3 {[%clk 1:31:14]} Nc6
{[%clk 1:30:53]} 3. Bb5 {[%clk 1:31:37]} a6 {[%clk 1:31:17]} 4. Ba4
{[%clk 1:32:02]} Nf6 {[%clk 1:31:38]} 5. O-O {[%clk 1:31:52]} b5 {[%clk 1:31:14]}
6. Bb3 {[%clk 1:32:14]} Bc5 {[%clk 1:30:20]} 7. d3 {[%clk 1:31:29]} h6
{[%clk 1:27:07]} 8. c3 {[%clk 1:31:36]} d6 {[%clk 1:25:33]} 9. h3 Bb7 10. Re1
{[%clk 1:25:38]} O-O {[%clk 1:25:30]} 11. Nbd2 {[%clk 1:20:30]} Re8
{[%clk 1:20:20]} 12. Nf1 {[%clk 1:15:11]} Ba7 {[%clk 1:13:19]} 13. Ne3
{[%clk 1:15:09]} Ne7 {[%clk 1:13:40]} 14. a4 {[%clk 1:12:36]} c6 {[%clk 1:12:38]}
15. Bc2 {[%clk 1:12:24]} Qc7 {[%clk 1:08:39]} 16. d4 {[%clk 1:11:32]} d5
{[%clk 1:02:43]} 17. Nxe5 {[%clk 1:10:03]} Nxe4 {[%clk 1:02:52]} 18. Qf3
{[%clk 1:08:38]} Ng5 {[%clk 0:59:24]} 19. Qg3 {[%clk 1:04:22]} f6
{[%clk 0:54:58]} 20. f4 {[%clk 0:55:50]} Ne4 {[%clk 0:52:31]} 21. Bxe4
{[%clk 0:51:40]} fxe5 {[%clk 0:50:52]} 22. Bc2 {[%clk 0:51:41]} exf4
{[%clk 0:51:05]} 23. Qh2 {[%clk 0:51:55]} c5 {[%clk 0:46:33]} 24. dxc5
{[%clk 0:48:31]} Bxc5 {[%clk 0:46:47]} 25. Kh1 {[%clk 0:48:14]} Bd6
{[%clk 0:46:28]} 26. Nf1 {[%clk 0:46:37]} d4 {[%clk 0:38:20]} 27. Be4
{[%clk 0:44:53]} Nd5 {[%clk 0:38:05]} 28. cxd4 {[%clk 0:43:51]} f3
{[%clk 0:37:27]} 29. Qg1 {[%clk 0:39:04]} Rxe4 {[%clk 0:37:39]} 30. Rxe4
{[%clk 0:38:05]} fxg2+ {[%clk 0:38:03]} 31. Qxg2 {[%clk 0:35:05]} Nf6
{[%clk 0:38:26]} 32. Nd2 {[%clk 0:33:25]} Nxe4 {[%clk 0:38:11]} 33. Nxe4
{[%clk 0:32:35]} Re8 {[%clk 0:38:33]} 34. Kg1 {[%clk 0:32:05]} Rxe4
{[%clk 0:35:30]} 35. Qf2 {[%clk 0:32:22]} Bg3 {[%clk 0:35:17]} 36. Qd2
{[%clk 0:24:41]} Re1+ {[%clk 0:35:30]} 37. Qxe1 {[%clk 0:24:47]} Bxe1
{[%clk 0:35:56]} 38. Kf1 {[%clk 0:24:54]} Qg3 {[%clk 0:36:04]} 0-1

[Event "Wolrd Chess Olympiad 2018"]
[Site "Batumi"]
[Date "2018.10.02"]
[Round "8"]
[Board "4"]
[WhiteFideId "10400125"]
[White "Whyms Chappell"]
[BlackFideId "20700784"]
[Black "Sihlongonyane Sikhanyiso"]
[Result "0-1"]
[LiveChessVersion "1.4.8"]
[BlackElo "1408"]
[WhiteElo "1595"]

1. d4 {[%clk 1:28:59]} d5 {[%clk 1:29:53]} 2. c4 {[%clk 1:28:36]} c6
{[%clk 1:29:31]} 3. Nf3 {[%clk 1:27:44]} Nf6 {[%clk 1:26:57]} 4. Nc3
{[%clk 1:26:19]} e6 {[%clk 1:24:48]} 5. Bg5 {[%clk 1:24:41]} Nbd7
{[%clk 1:24:50]} 6. e3 {[%clk 1:24:18]} Bd6 {[%clk 1:24:53]} 7. Be2
{[%clk 1:18:18]} O-O {[%clk 1:25:05]} 8. O-O {[%clk 1:17:44]} Re8
{[%clk 1:22:49]} 9. e4 {[%clk 1:13:17]} dxe4 {[%clk 1:23:11]} 10. Nxe4
{[%clk 1:13:09]} Be7 {[%clk 1:23:24]} 11. Nc3 {[%clk 1:11:41]} Qc7
{[%clk 1:21:33]} 12. Rc1 {[%clk 1:05:26]} Qa5 {[%clk 1:13:09]} 13. Qc2
{[%clk 0:54:35]} e5 {[%clk 1:06:11]} 14. Bh4 {[%clk 0:46:39]} exd4
{[%clk 1:05:19]} 15. Nxd4 Ne5 16. a3 {[%clk 0:39:12]} Ng6 {[%clk 1:01:30]} 17.
Bg3 {[%clk 0:35:49]} Bf8 {[%clk 0:57:41]} 18. Rcd1 {[%clk 0:36:00]} Bd7
{[%clk 0:52:56]} 19. Rd2 {[%clk 0:32:08]} c5 {[%clk 0:51:45]} 20. Nb3
{[%clk 0:31:57]} Qa6 {[%clk 0:50:10]} 21. Bf3 {[%clk 0:26:13]} Ne5
{[%clk 0:39:19]} 22. Bxe5 {[%clk 0:13:07]} Rxe5 {[%clk 0:39:39]} 23. Nd5
{[%clk 0:13:30]} Bf5 {[%clk 0:35:50]} 24. Qc3 {[%clk 0:12:35]} Rxd5
{[%clk 0:16:11]} 25. cxd5 {[%clk 0:09:15]} b6 {[%clk 0:14:03]} 26. d6
{[%clk 0:05:03]} Rd8 {[%clk 0:14:02]} 27. Rfd1 {[%clk 0:05:17]} Ne4
{[%clk 0:12:10]} 28. Bxe4 {[%clk 0:03:47]} Bxe4 {[%clk 0:12:38]} 29. Qe3
{[%clk 0:02:12]} Bc6 {[%clk 0:11:06]} 30. d7 {[%clk 0:01:43]} Qc4
{[%clk 0:09:41]} 31. Qe8 {[%clk 0:00:41]} Rxe8 {[%clk 0:09:53]} 0-1

[Event "Wolrd Chess Olympiad 2018"]
[Site "Batumi"]
[Date "2018.10.02"]
[Round "8"]
[Board "3"]
[WhiteFideId "9700250"]
[White "Raimbert Ronald"]
[BlackFideId "31000118"]
[Black "Orio Rogelio L."]
[Result "0-1"]
[LiveChessVersion "1.4.8"]
[BlackElo "1793"]
[WhiteElo "1747"]

1. d4 {[%clk 1:30:58]} d6 {[%clk 1:30:33]} 2. e4 {[%clk 1:31:11]} Nf6
{[%clk 1:30:55]} 3. f3 {[%clk 1:31:27]} Nbd7 {[%clk 1:31:03]} 4. c4
{[%clk 1:31:46]} e5 {[%clk 1:31:15]} 5. Ne2 {[%clk 1:31:54]} Be7 {[%clk 1:30:55]}
6. Be3 {[%clk 1:32:02]} exd4 {[%clk 1:28:07]} 7. Nxd4 {[%clk 1:32:29]} Ne5
{[%clk 1:27:44]} 8. Nc3 {[%clk 1:28:32]} c6 {[%clk 1:28:05]} 9. Be2
{[%clk 1:21:26]} O-O {[%clk 1:27:33]} 10. O-O {[%clk 1:21:05]} Re8
{[%clk 1:26:51]} 11. Qd2 {[%clk 1:19:24]} Qc7 {[%clk 1:25:16]} 12. Rac1
{[%clk 1:19:22]} a6 {[%clk 1:25:22]} 13. Rfd1 {[%clk 1:15:04]} Bd7
{[%clk 1:23:51]} 14. Kh1 {[%clk 1:10:13]} Qb8 {[%clk 1:24:04]} 15. Bg1
{[%clk 1:05:08]} b5 {[%clk 1:23:51]} 16. cxb5 {[%clk 1:00:56]} axb5
{[%clk 1:24:10]} 17. Nc2 {[%clk 0:59:41]} b4 {[%clk 1:22:09]} 18. Nb1
{[%clk 0:59:34]} d5 {[%clk 1:22:01]} 19. exd5 {[%clk 0:59:41]} Nxd5
{[%clk 1:21:42]} 20. a3 {[%clk 0:55:29]} bxa3 {[%clk 1:18:48]} 21. Nbxa3
{[%clk 0:55:46]} h6 {[%clk 1:17:51]} 22. g3 {[%clk 0:48:17]} Bh3 {[%clk 1:16:46]}
23. Nc4 {[%clk 0:46:47]} Bf6 {[%clk 1:14:20]} 24. Nd4 {[%clk 0:44:29]} c5
{[%clk 1:11:06]} 25. Nxe5 {[%clk 0:40:47]} cxd4 {[%clk 1:10:11]} 26. Nd7
{[%clk 0:39:03]} 0-1

[Event "Wolrd Chess Olympiad 2018"]
[Site "Batumi"]
[Date "2018.10.02"]
[Round "8"]
[Board "1"]
[WhiteFideId "19700261"]
[White "Drayton Anthony"]
[BlackFideId "10002235"]
[Black "Mdoe Yusuf"]
[Result "1-0"]
[LiveChessVersion "1.4.8"]
[BlackElo "1771"]
[WhiteElo "2024"]

1. e4 {[%clk 1:30:36]} e5 {[%clk 1:30:18]} 2. Nf3 {[%clk 1:30:53]} Nc6
{[%clk 1:30:11]} 3. Bc4 {[%clk 1:31:06]} Bc5 {[%clk 1:29:31]} 4. c3
{[%clk 1:31:15]} Nf6 {[%clk 1:28:57]} 5. O-O {[%clk 1:31:37]} O-O
{[%clk 1:29:12]} 6. d4 {[%clk 1:31:37]} exd4 {[%clk 1:26:34]} 7. cxd4
{[%clk 1:31:55]} Be7 {[%clk 1:25:44]} 8. e5 {[%clk 1:32:15]} Ne8 {[%clk 1:25:40]}
9. d5 {[%clk 1:32:29]} Na5 {[%clk 1:25:07]} 10. Bd3 {[%clk 1:32:42]} b6
{[%clk 1:24:56]} 11. a3 {[%clk 1:32:53]} Nb7 {[%clk 1:25:08]} 12. b4
{[%clk 1:32:38]} a5 {[%clk 1:24:51]} 13. Qc2 {[%clk 1:32:49]} g6 {[%clk 1:25:02]}
14. Bh6 {[%clk 1:31:54]} Ng7 {[%clk 1:25:12]} 15. Nc3 {[%clk 1:31:13]} axb4
{[%clk 1:23:35]} 16. axb4 {[%clk 1:31:30]} Rxa1 {[%clk 1:23:23]} 17. Rxa1
{[%clk 1:31:53]} Bxb4 {[%clk 1:23:15]} 18. Ne4 {[%clk 1:32:11]} Na5
{[%clk 1:21:39]} 19. Bg5 {[%clk 1:30:48]} Be7 {[%clk 1:21:53]} 20. Bxe7
{[%clk 1:30:52]} Qxe7 {[%clk 1:20:41]} 21. Nf6+ {[%clk 1:31:15]} Kh8
{[%clk 1:19:20]} 22. Qc1 {[%clk 1:30:53]} d6 {[%clk 1:18:57]} 23. Qh6
{[%clk 1:31:14]} Qxf6 {[%clk 1:16:11]} 24. exf6 {[%clk 1:31:32]} Ne8
{[%clk 1:16:33]} 1-0

[Event "Wolrd Chess Olympiad 2018"]
[Site "Batumi"]
[Date "2018.10.02"]
[Round "8"]
[Board "2"]
[WhiteFideId "10002324"]
[White "Njau Albert"]
[BlackFideId "19700024"]
[Black "Khan Taffin"]
[Result "0-1"]
[LiveChessVersion "1.4.8"]
[BlackElo "1900"]
[WhiteElo "1716"]

1. Nf3 {[%clk 1:30:44]} Nf6 {[%clk 1:30:46]} 2. g3 {[%clk 1:30:56]} g6
{[%clk 1:31:08]} 3. Bg2 {[%clk 1:31:03]} Bg7 {[%clk 1:31:31]} 4. d3
{[%clk 1:30:58]} d6 {[%clk 1:31:54]} 5. O-O {[%clk 1:30:49]} O-O {[%clk 1:32:21]}
6. c3 {[%clk 1:30:17]} e5 {[%clk 1:32:44]} 7. Nbd2 {[%clk 1:29:36]} Nbd7
{[%clk 1:33:04]} 8. Re1 {[%clk 1:28:15]} c6 {[%clk 1:30:22]} 9. Nc4
{[%clk 1:22:48]} Qc7 {[%clk 1:30:44]} 10. e4 {[%clk 1:19:46]} b5 {[%clk 1:30:39]}
11. Ne3 {[%clk 1:17:19]} c5 {[%clk 1:30:51]} 12. b3 {[%clk 1:11:40]} Bb7
{[%clk 1:31:07]} 13. Bb2 {[%clk 1:11:07]} a5 {[%clk 1:31:29]} 14. c4
{[%clk 1:10:36]} b4 {[%clk 1:31:52]} 15. a4 {[%clk 1:09:37]} bxa3
{[%clk 1:29:45]} 16. Rxa3 {[%clk 1:09:29]} Nb8 {[%clk 1:30:09]} 17. Re2
{[%clk 1:03:54]} Nc6 {[%clk 1:30:21]} 18. Bc3 {[%clk 1:04:00]} Nb4
{[%clk 1:30:30]} 19. Rb2 {[%clk 1:03:32]} Bc6 {[%clk 1:30:30]} 20. Rb1
{[%clk 1:02:41]} Ra7 {[%clk 1:22:49]} 21. Rba1 {[%clk 1:02:06]} Rfa8
{[%clk 1:23:11]} 22. h3 {[%clk 1:00:54]} Qb7 {[%clk 1:22:38]} 23. Nd5
{[%clk 0:58:37]} Nfxd5 {[%clk 1:18:42]} 24. exd5 {[%clk 0:57:37]} Bxd5
{[%clk 1:09:56]} 25. cxd5 {[%clk 0:50:41]} e4 {[%clk 1:10:14]} 26. Nd4
{[%clk 0:47:09]} exd3 {[%clk 1:09:07]} 27. Rb1 {[%clk 0:33:42]} Bxd4
{[%clk 1:09:25]} 28. Bxb4 {[%clk 0:33:25]} axb4 {[%clk 1:09:08]} 29. Rxa7
{[%clk 0:32:55]} Qxa7 {[%clk 1:09:30]} 30. Qxd3 {[%clk 0:22:32]} Qa2
{[%clk 1:09:55]} 31. Rf1 {[%clk 0:22:40]} Qb2 {[%clk 1:06:32]} 32. Be4
{[%clk 0:11:37]} Ra2 {[%clk 1:05:14]} 33. Qf3 {[%clk 0:11:19]} f5
{[%clk 1:01:14]} 34. Bxf5 {[%clk 0:08:37]} gxf5 {[%clk 1:01:33]} 35. Qxf5
{[%clk 0:08:54]} Bxf2+ {[%clk 0:55:26]} 36. Kh1 {[%clk 0:06:22]} Qe5
{[%clk 0:49:56]} 37. Qc8+ {[%clk 0:04:34]} Kg7 {[%clk 0:49:39]} 38. Qd7+
{[%clk 0:02:58]} Kg6 {[%clk 0:48:32]} 39. Qg4+ {[%clk 0:02:45]} Qg5
{[%clk 0:47:43]} 40. Qe6+ {[%clk 0:31:33]} Qf6 {[%clk 1:17:33]} 41. Qg4+
{[%clk 0:25:16]} Kh6 {[%clk 1:16:04]} 42. h4 {[%clk 0:24:43]} Qe5
{[%clk 1:15:04]} 43. Qf3 {[%clk 0:10:45]} Qxg3 {[%clk 1:09:44]} 44. Qf6+
{[%clk 0:07:36]} Qg6 {[%clk 1:06:58]} 45. Qf8+ {[%clk 0:07:27]} Kh5
{[%clk 1:06:52]} 46. Qf3+ {[%clk 0:05:44]} Kxh4 {[%clk 1:06:23]} 47. Qf4+
{[%clk 0:03:05]} Kh5 {[%clk 0:57:03]} 48. Qh2+ {[%clk 0:02:49]} Kg4
{[%clk 0:53:30]} 49. Rg1+ {[%clk 0:01:36]} Kf3 {[%clk 0:53:34]} 50. Qh3+
{[%clk 0:01:25]} Bg3 {[%clk 0:53:26]} 51. Qf1+ {[%clk 0:01:09]} Rf2
{[%clk 0:52:46]} 52. Rxg3+ {[%clk 0:00:44]} Kxg3 {[%clk 0:52:07]} 53. Qh3+
{[%clk 0:00:59]} Kf4 {[%clk 0:52:02]} 54. Qe3+ {[%clk 0:00:58]} Kf5
{[%clk 0:52:08]} 55. Qe4+ 0-1

[Event "Wolrd Chess Olympiad 2018"]
[Site "Batumi"]
[Date "2018.10.02"]
[Round "8"]
[Board "3"]
[WhiteFideId "19700083"]
[White "Nathoo Loris"]
[BlackFideId "10002251"]
[Black "Mlawa Hemed"]
[Result "1/2-1/2"]
[LiveChessVersion "1.4.8"]
[BlackElo "1828"]
[WhiteElo "1665"]

1. d4 {[%clk 1:30:58]} d5 {[%clk 1:30:48]} 2. Nf3 {[%clk 1:31:20]} Nf6
{[%clk 1:31:11]} 3. e3 {[%clk 1:31:44]} g6 {[%clk 1:31:33]} 4. c4
{[%clk 1:31:55]} Bg7 {[%clk 1:31:50]} 5. Nc3 {[%clk 1:32:14]} c6 {[%clk 1:31:59]}
6. Be2 {[%clk 1:30:42]} O-O {[%clk 1:32:20]} 7. O-O {[%clk 1:27:08]} Bg4
{[%clk 1:32:41]} 8. cxd5 {[%clk 1:22:37]} cxd5 {[%clk 1:32:09]} 9. Qb3
{[%clk 1:14:49]} Bc8 {[%clk 1:27:26]} 10. Ne5 {[%clk 1:08:28]} e6
{[%clk 1:21:55]} 11. Bd2 {[%clk 0:58:56]} Nbd7 {[%clk 1:21:53]} 12. f4
{[%clk 0:53:02]} Nxe5 {[%clk 1:16:36]} 13. fxe5 {[%clk 0:53:19]} Nd7
{[%clk 1:16:30]} 14. Nb5 {[%clk 0:51:06]} f6 {[%clk 1:15:26]} 15. Bb4
{[%clk 0:49:46]} Re8 {[%clk 1:13:40]} 16. Nd6 {[%clk 0:49:32]} fxe5
{[%clk 1:13:16]} 17. Nxe8 {[%clk 0:48:48]} Qxe8 {[%clk 1:13:28]} 18. dxe5
{[%clk 0:44:31]} Nxe5 {[%clk 1:13:50]} 19. Bc3 {[%clk 0:42:08]} b6
{[%clk 1:12:20]} 20. Rf2 {[%clk 0:37:01]} Bb7 {[%clk 1:09:12]} 21. Raf1
{[%clk 0:35:43]} Qc6 {[%clk 1:09:32]} 22. Bd4 {[%clk 0:28:43]} Qd6
{[%clk 1:01:52]} 23. Qa3 {[%clk 0:22:46]} Qc7 {[%clk 1:00:55]} 24. Qc3
{[%clk 0:19:27]} Qd6 {[%clk 1:01:14]} 25. Qa3 {[%clk 0:19:32]} Qc7
{[%clk 1:01:36]} 1/2-1/2

[Event "Wolrd Chess Olympiad 2018"]
[Site "Batumi"]
[Date "2018.10.02"]
[Round "8"]
[Board "4"]
[WhiteFideId "10001670"]
[White "Hassuji Nurdin"]
[BlackFideId "19700130"]
[Black "Corlette Glenford"]
[Result "1/2-1/2"]
[LiveChessVersion "1.4.8"]
[BlackElo "1653"]
[WhiteElo "1766"]

1. e4 {[%clk 1:30:02]} d5 {[%clk 1:30:49]} 2. exd5 {[%clk 1:30:19]} Qxd5
{[%clk 1:31:08]} 3. Nc3 {[%clk 1:30:40]} Qa5 {[%clk 1:31:26]} 4. d4
{[%clk 1:30:57]} Nf6 {[%clk 1:31:29]} 5. Nf3 {[%clk 1:31:13]} e6 {[%clk 1:31:29]}
6. Bc4 {[%clk 1:30:02]} c6 {[%clk 1:29:23]} 7. Bd2 {[%clk 1:29:41]} Qc7
{[%clk 1:29:05]} 8. Qe2 {[%clk 1:29:14]} Be7 {[%clk 1:28:39]} 9. O-O
{[%clk 1:28:43]} b5 {[%clk 1:27:09]} 10. Bd3 {[%clk 1:26:15]} O-O
{[%clk 1:25:32]} 11. Ne5 {[%clk 1:24:57]} Rd8 {[%clk 1:21:44]} 12. Be3
{[%clk 1:19:11]} Bb7 {[%clk 1:21:17]} 13. Rad1 {[%clk 1:18:27]} Nbd7
{[%clk 1:16:27]} 14. Bf4 {[%clk 1:14:01]} Nf8 {[%clk 1:15:05]} 15. g3
{[%clk 1:01:57]} Qa5 {[%clk 1:08:29]} 16. a3 {[%clk 0:58:04]} Bxa3
{[%clk 1:06:44]} 17. Ra1 {[%clk 0:49:32]} b4 {[%clk 1:06:52]} 18. Nc4
{[%clk 0:49:24]} Qh5 {[%clk 1:06:02]} 19. Na4 {[%clk 0:47:20]} Bxb2
{[%clk 0:59:24]} 20. Naxb2 {[%clk 0:46:46]} c5 {[%clk 0:55:21]} 21. Qxh5
{[%clk 0:44:59]} Nxh5 {[%clk 0:55:35]} 22. dxc5 {[%clk 0:44:40]} Nxf4
{[%clk 0:55:11]} 23. gxf4 {[%clk 0:45:03]} Rd4 {[%clk 0:54:41]} 24. Ne5
{[%clk 0:39:39]} Rxf4 {[%clk 0:51:48]} 25. c6 {[%clk 0:39:27]} Bc8
{[%clk 0:51:30]} 26. Na4 {[%clk 0:36:54]} f6 {[%clk 0:45:47]} 27. Nc4
{[%clk 0:28:40]} e5 {[%clk 0:42:45]} 28. Rfe1 {[%clk 0:27:33]} Rg4+
{[%clk 0:36:39]} 29. Kh1 {[%clk 0:25:47]} Be6 {[%clk 0:36:18]} 30. Nd6
{[%clk 0:24:04]} Rd8 {[%clk 0:33:40]} 31. Ne4 {[%clk 0:17:48]} f5
{[%clk 0:32:44]} 32. c7 {[%clk 0:12:21]} Rc8 {[%clk 0:31:41]} 33. f3
{[%clk 0:08:05]} fxe4 {[%clk 0:29:51]} 34. Bxe4 {[%clk 0:07:39]} Rg5
{[%clk 0:27:24]} 35. Nc5 {[%clk 0:06:14]} Bh3 {[%clk 0:22:33]} 36. Rg1
{[%clk 0:03:06]} Rxg1+ {[%clk 0:22:22]} 37. Kxg1 {[%clk 0:02:59]} Rxc7
{[%clk 0:22:24]} 38. Na6 {[%clk 0:02:22]} Rd7 {[%clk 0:22:31]} 39. Nxb4
{[%clk 0:02:27]} Ne6 {[%clk 0:17:11]} 40. Nc6 {[%clk 0:32:31]} Rd2
{[%clk 0:40:25]} 41. Nxe5 {[%clk 0:30:13]} Rg2+ {[%clk 0:39:50]} 42. Kh1
{[%clk 0:30:41]} Rg5 {[%clk 0:39:20]} 43. Ng4 {[%clk 0:24:10]} a5
{[%clk 0:34:33]} 44. c4 {[%clk 0:22:42]} Nf4 {[%clk 0:32:33]} 45. Ne3
{[%clk 0:17:32]} Kf8 {[%clk 0:29:46]} 46. Ra2 {[%clk 0:13:46]} h6
{[%clk 0:27:26]} 47. Rc2 {[%clk 0:14:02]} Rc5 {[%clk 0:24:58]} 48. Kg1
{[%clk 0:13:17]} Ke7 {[%clk 0:23:11]} 49. Nd5+ {[%clk 0:12:56]} Nxd5 50. Bxd5 Kf6
{[%clk 0:21:18]} 51. Kf2 {[%clk 0:12:40]} Bf5 {[%clk 0:18:48]} 52. Rc3
{[%clk 0:10:48]} a4 {[%clk 0:17:48]} 53. Ke3 {[%clk 0:10:39]} Ra5
{[%clk 0:17:26]} 54. Ra3 {[%clk 0:09:03]} Bc2 {[%clk 0:15:11]} 55. Kd4
{[%clk 0:09:17]} Ke7 {[%clk 0:10:31]} 56. c5 {[%clk 0:09:36]} Kd7
{[%clk 0:09:46]} 57. Rc3 {[%clk 0:07:48]} Bf5 {[%clk 0:09:32]} 58. Ra3
{[%clk 0:07:04]} Kc7 {[%clk 0:09:23]} 59. Kc4 {[%clk 0:05:37]} Bd7
{[%clk 0:09:15]} 60. Be4 {[%clk 0:05:07]} Rb5 {[%clk 0:07:53]} 61. Bc2
{[%clk 0:04:32]} Rb2 {[%clk 0:07:17]} 62. Bxa4 {[%clk 0:04:15]} Be6+
{[%clk 0:06:46]} 63. Kd4 {[%clk 0:04:01]} Rxh2 {[%clk 0:06:54]} 64. Bb3
{[%clk 0:03:52]} Bxb3 65. Rxb3 Rh5 {[%clk 0:06:08]} 66. Re3 {[%clk 0:03:42]} Rg5
{[%clk 0:05:53]} 67. f4 {[%clk 0:03:38]} Rg6 {[%clk 0:05:11]} 68. f5
{[%clk 0:03:44]} Rg5 {[%clk 0:04:23]} 69. Rf3 {[%clk 0:03:03]} h5
{[%clk 0:03:18]} 70. f6 {[%clk 0:02:17]} gxf6 {[%clk 0:03:20]} 71. Rxf6
{[%clk 0:02:39]} h4 {[%clk 0:02:30]} 72. Rh6 {[%clk 0:02:46]} Rg4+
{[%clk 0:02:32]} 73. Kd5 {[%clk 0:03:02]} Rg5+ {[%clk 0:02:36]} 74. Kc4
{[%clk 0:03:28]} Rg4+ {[%clk 0:02:54]} 75. Kb5 {[%clk 0:03:50]} Rf4 76. Rh7+ Kc8
{[%clk 0:01:58]} 77. c6 {[%clk 0:03:30]} Re4 {[%clk 0:01:47]} 78. Kb6
{[%clk 0:03:09]} Rb4+ {[%clk 0:02:04]} 79. Kc5 {[%clk 0:03:16]} Rf4
{[%clk 0:02:10]} 80. Kd6 {[%clk 0:02:10]} Rd4+ {[%clk 0:02:28]} 81. Kc5
{[%clk 0:01:44]} Rg4 {[%clk 0:02:37]} 82. Kd5 {[%clk 0:01:24]} Ra4
{[%clk 0:02:16]} 83. Kc5 {[%clk 0:01:21]} Rg4 {[%clk 0:02:14]} 84. Kb6
{[%clk 0:01:07]} Rb4+ {[%clk 0:02:30]} 85. Ka5 {[%clk 0:01:16]} Rc4 86. Kb5 Rg4
{[%clk 0:01:59]} 1/2-1/2

[Event "Wolrd Chess Olympiad 2018"]
[Site "Batumi"]
[Date "2018.10.02"]
[Round "8"]
[Board "1"]
[WhiteFideId "21200149"]
[White "Ephoevi-Ga Adama Mawulikplimi"]
[BlackFideId "8200084"]
[Black "Matoewi Roger"]
[Result "1-0"]
[LiveChessVersion "1.4.8"]
[BlackElo "2067"]
[WhiteElo "1848"]

1. b3 {[%clk 1:30:53]} Nf6 {[%clk 1:28:42]} 2. Bb2 {[%clk 1:31:13]} e6
{[%clk 1:29:06]} 3. e3 d5 {[%clk 1:27:57]} 4. c4 {[%clk 1:27:56]} c6 5. Nf3
{[%clk 1:24:49]} Bd6 {[%clk 1:28:32]} 6. Be2 {[%clk 1:20:12]} Nbd7
{[%clk 1:28:48]} 7. d4 {[%clk 1:19:27]} Ne4 {[%clk 1:26:25]} 8. O-O
{[%clk 1:17:48]} O-O {[%clk 1:26:10]} 9. Nbd2 {[%clk 1:15:44]} f5
{[%clk 1:25:08]} 10. Ne5 Qh4 {[%clk 1:06:50]} 11. f4 {[%clk 1:05:45]} Ndf6 12.
Ndf3 {[%clk 0:57:01]} Qh6 {[%clk 1:06:53]} 13. Ne1 {[%clk 0:52:30]} g5
{[%clk 0:59:19]} 14. Bf3 {[%clk 0:41:24]} gxf4 {[%clk 0:43:27]} 15. exf4
{[%clk 0:39:59]} Qxf4 {[%clk 0:37:34]} 16. Bc1 {[%clk 0:37:28]} Qh4
{[%clk 0:37:39]} 17. g3 {[%clk 0:32:50]} Qh3 {[%clk 0:19:24]} 18. N1d3
{[%clk 0:26:12]} Bxe5 {[%clk 0:13:03]} 19. dxe5 {[%clk 0:22:07]} Ng4
{[%clk 0:09:11]} 20. Qe2 {[%clk 0:15:03]} Qh5 {[%clk 0:06:35]} 21. Nf4
{[%clk 0:13:11]} Qe8 {[%clk 0:03:18]} 22. Bxg4 {[%clk 0:12:56]} fxg4
{[%clk 0:03:42]} 23. Qxg4+ {[%clk 0:13:06]} Kh8 {[%clk 0:04:03]} 24. Ba3
{[%clk 0:06:40]} Rg8 {[%clk 0:04:04]} 25. Qh4 {[%clk 0:06:38]} Bd7
{[%clk 0:04:03]} 26. Rae1 {[%clk 0:05:58]} Rg7 {[%clk 0:02:28]} 27. Nh5
{[%clk 0:05:02]} Rf7 {[%clk 0:02:37]} 28. Rxf7 {[%clk 0:04:13]} Qxf7
{[%clk 0:03:02]} 29. Rf1 {[%clk 0:04:23]} Qg6 {[%clk 0:03:09]} 30. Be7
{[%clk 0:03:38]} dxc4 {[%clk 0:02:21]} 31. Bd8 {[%clk 0:03:10]} h6
{[%clk 0:02:08]} 32. Rf8+ {[%clk 0:03:01]} Kh7 {[%clk 0:02:32]} 33. Qe7+
{[%clk 0:03:10]} 1-0

[Event "Wolrd Chess Olympiad 2018"]
[Site "Batumi"]
[Date "2018.10.02"]
[Round "8"]
[Board "2"]
[WhiteFideId "8200165"]
[White "Giasi Viresh"]
[BlackFideId "21200017"]
[Black "Amewounou Komlan Kouessan"]
[Result "1-0"]
[LiveChessVersion "1.4.8"]
[BlackElo "1758"]
[WhiteElo "2024"]

1. Nf3 {[%clk 1:30:28]} Nf6 {[%clk 1:30:38]} 2. c4 {[%clk 1:30:51]} g6
{[%clk 1:31:03]} 3. g3 {[%clk 1:31:16]} Bg7 {[%clk 1:31:27]} 4. Bg2
{[%clk 1:31:39]} d6 {[%clk 1:31:40]} 5. d4 {[%clk 1:32:01]} Nc6 {[%clk 1:31:52]}
6. O-O {[%clk 1:31:17]} O-O {[%clk 1:32:15]} 7. Nc3 {[%clk 1:30:39]} Na5
{[%clk 1:32:25]} 8. b3 {[%clk 1:25:06]} c5 {[%clk 1:32:27]} 9. Bb2
{[%clk 1:25:31]} Rb8 {[%clk 1:29:53]} 10. dxc5 {[%clk 1:16:45]} dxc5
{[%clk 1:29:08]} 11. Ne5 {[%clk 1:14:58]} Ng4 {[%clk 1:21:05]} 12. Nxg4
{[%clk 1:13:35]} Bxg4 {[%clk 1:21:31]} 13. h3 {[%clk 1:10:43]} Bd7
{[%clk 1:19:45]} 14. Qc2 {[%clk 1:10:56]} Qc8 {[%clk 1:18:11]} 15. Nd5
{[%clk 1:10:41]} Nc6 {[%clk 1:16:26]} 16. Bxg7 {[%clk 1:08:38]} Kxg7
{[%clk 1:16:44]} 17. Qc3+ {[%clk 1:05:45]} f6 {[%clk 1:14:18]} 18. Qe3
{[%clk 1:00:04]} e6 {[%clk 1:13:21]} 19. Nc3 {[%clk 0:58:53]} Nd4
{[%clk 1:13:03]} 20. Rac1 {[%clk 0:58:58]} e5 {[%clk 1:09:37]} 21. Kh2
{[%clk 0:56:26]} Qc7 {[%clk 1:05:42]} 22. Qd2 {[%clk 0:49:30]} Rbd8
{[%clk 1:02:43]} 23. e3 {[%clk 0:48:42]} Nc6 {[%clk 1:01:27]} 24. Nd5
{[%clk 0:48:16]} Qb8 {[%clk 1:01:22]} 25. Qc3 {[%clk 0:48:20]} Be6
{[%clk 0:55:20]} 26. a3 {[%clk 0:48:12]} Rf7 {[%clk 0:49:40]} 27. b4
{[%clk 0:38:37]} cxb4 {[%clk 0:49:20]} 28. axb4 {[%clk 0:39:02]} Ne7
{[%clk 0:49:27]} 29. Rfd1 {[%clk 0:25:19]} b5 {[%clk 0:45:03]} 30. Nxe7
{[%clk 0:25:02]} Rxd1 {[%clk 0:45:16]} 31. Rxd1 {[%clk 0:23:38]} Rxe7
{[%clk 0:45:40]} 32. c5 {[%clk 0:23:10]} Qc7 {[%clk 0:42:46]} 33. Rd6
{[%clk 0:18:42]} Bc4 {[%clk 0:40:52]} 34. Qd2 {[%clk 0:15:58]} Be6
{[%clk 0:29:09]} 35. Bc6 {[%clk 0:11:37]} a6 {[%clk 0:25:54]} 36. Bd5
{[%clk 0:08:16]} Bc8 {[%clk 0:25:38]} 37. e4 {[%clk 0:05:02]} a5 {[%clk 0:18:49]}
38. Qd3 Qa7 {[%clk 0:14:42]} 39. Qf3 {[%clk 0:03:26]} f5 {[%clk 0:14:11]} 40.
exf5 {[%clk 0:33:53]} Bxf5 {[%clk 0:33:46]} 41. g4 {[%clk 0:34:16]} Rd7
{[%clk 0:24:33]} 42. gxf5 {[%clk 0:33:55]} Rxd6 {[%clk 0:24:41]} 43. cxd6
{[%clk 0:34:19]} axb4 {[%clk 0:23:30]} 44. f6+ {[%clk 0:34:32]} 1-0